Conspiracy Theory Quiz - Statistics

General Stats
  • This quiz has been taken 396 times
  • The average score is 7 of 15
Answer Stats
Conspiracy Detail % Correct
That the earth is not shaped as a sphere, but rather a... Disk
81%
That the entire globe is controlled by this secret society Illuminati
81%
That the late Princess Diana of Wales was killed by this fellow royal Queen Elizabeth II
72%
That this American singer never really died, and is either still alive today, or died much later Elvis Presley
67%
That this religious minority is behind most historical events, and controls most government offices, as well as all of the banks. Jews
66%
That the 2016 election was predetermined by vote tampering from the government of this country Russian Federation
64%
That every single human on earth is actually in a simulation, popularized by the 1999 film of the same name. The Matrix
60%
That Jeffrey Epstein, among others, human traffics children and sacrifices the ____ of youth Blood
48%
That Michelle Obama has been hiding this secret about her identity for over 25 years Gender Transition
40%
That the 2020 election was completely invalid, and filled with this phenomenon Voter Fraud
35%
That this tragic event of December 14th, 2012, was a false flag attack and was staged. Sandy Hook Shooting
23%
That the mass suicide of the Jonestown cult was operated by the studies of this infamous government research experiment MK Ultra
17%
That this American government organization is one that can control the weather and climate of the entire country HAARP
12%
That Ashkenazi Jews are not historical Jews, and were converted as citizens of this Turkic Khanate of the mid to late first millenia. Khazar Khanate
6%
That Hillary and Bill Clinton have killed dozens of political opponents in a phenomenon called this Clinton Body Count
5%
No matching quizzes found
Score Distribution
Percent of People with Each Score
Percentile by Number Answered
Your Score History
You have not taken this quiz